00429nam a22001457a 450000500170000000800410001702000180005804100130007608200140008910000270010324500640013026000330019430000310022765000250025820231031114051.0231031b |||||||| |||| 00| 0 eng d a9780409023923 aEnglish  a346.6 SON aSonnekus, JC lEnglish aUnjustified Enrichment in South African Law / cJC Sonnekus aDurban : bLexisNexis,c2008 bx, 421 pages ; c24, 5 cm. alegal practice bLaw